O Direito, Entre o Futuro e o Passado

Bibliographic Details
Main Author: Sampaio Ferraz Junior, Tercio
Format: eBook
Language:Portuguese
Published: San Pablo: Editora Noeses, 2014
Subjects:
Online Access:Acceso restringido

MARC

LEADER 00000nam a22000007a 4500
005 20211111211954.0
007 cr|||| ||||
008 211111s2014 br |||||s|||| 00||0 por d
020 |a 9788583100201 
035 |a 35371 
040 |a vLex 
090 |c 12645  |d 12645 
100 1 |a Sampaio Ferraz Junior, Tercio 
245 1 1 |a O Direito, Entre o Futuro e o Passado  |h [Recurso electrn̤ico] /  |c Tercio Sampaio Ferraz Junior 
256 |a Servicio en ln̕ea 
260 |a San Pablo:  |b Editora Noeses,  |c 2014 
300 |a 1 recurso electrn̤ico 
500 |a Composta por oito ensaios que sô uma reflexô crt̕ica sobre a mudanȧ no significado e na importńcia da questô da aplicaȯ̂ do direito (o que pe̳ em risco a seguranȧ jurd̕ica). 
506 1 |a Disponible solo en los productos indicados  |d vLex Global  |d vLex Global (Academic Edition, excluding Law Schools)  |d vLex Global (U.S. Academic Edition, Law Schools)  |d vLex Global (U.S. Academic Edition, excluding Law Schools)  |d vLex Global (Academic Edition, Law Schools) 
650 0 4 |a Derecho Tributario  |z Brasil 
740 0 |a vLex Libros (Servicio en ln̕ea) 
856 4 0 |u https://app.vlex.com/#/sources/35371  |z Acceso restringido 
942 |c BOOK 
999 0 |a Tax Law